-ate or -ite? Quiz Stats

 Plays Quiz Updated Feb 20, 2018

Also try: -ence or -ance?
Challenge
Share
Tweet
Embed
Score 0/20 Timer 03:00
5 Plays Today
Stem -ate or -ite % Correct
oppos???
96%
desper???
95%
accur???
94.9%
infin???
94.3%
estim???
94.2%
compos???
93.4%
ultim???
93.1%
adequ???
92.5%
exquis???
92.3%
delic???
92.3%
Stem -ate or -ite % Correct
hypocr???
91.5%
desol???
90.9%
favor???
90.1%
liter???
89.9%
defin???
89.8%
celib???
89.1%
laure???
87%
appos???
81.2%
acquis???
79.3%
preter???
45.5%

You're not logged in!

Compare scores with friends on all Sporcle quizzes.
OR
Log In

You Might Also Like...

Show Comments

Extras

Top Quizzes Today


Score Distribution

Your Account Isn't Verified!

In order to create a playlist on Sporcle, you need to verify the email address you used during registration. Go to your Sporcle Settings to finish the process.

Report this User

Report this user for behavior that violates our Community Guidelines.

Details: